| 000 | 00343nam a22001337a 4500 | ||
|---|---|---|---|
| 008 | 170321b xxu||||| |||| 00| 0 eng d | ||
| 020 | _a9780323016773 | ||
| 041 | _aeng | ||
| 080 |
_22 ED _a616.12 -008-073 |
||
| 100 | _a7 | ||
| 101 | _aSHM | ||
| 245 |
_aADVANCED HEALTH ASSEMENT CLINICAL DIAGNOSIS IN PRIMARY CARE _cDAINS.J.E |
||
| 942 |
_2udc _cBK |
||
| 999 |
_c8300 _d8300 |
||